000 01979cam0 2200457 ib4500
001 BY-HR0000-br87884502
005 20260324114139.0
010 ^a978-5-907256-48-4
^bв переплете
100 ^a20231120d2023 bc y0rusy50 ca
101 0 ^arus
102 ^aRU
105 ^aa z 000oy
109 ^ama
181 0 ^ai3
181 0 ^ab1
^b b2e
182 0 ^an
200 1 ^aБелое Платье невесты
^fЕлена Велена
^gхудожник И. Капралова
203 ^aТекст
^aИзображение
^bнеподвижное
^bдвухмерное
^cнепосредственные
210 ^aМосква
^cДобрые сказки
^d2023
215 ^a84, [2] с.
^cил.
^d27 см
225 1 ^aДобрые сказки о простых вещах
327 0 ^aСодержание: Белое Платье невесты ; О чем спорили сумочки? ; Маленькое Черное Платье
333 ^a0+
345 ^93000 экз.
464 0 ^12001
^aО чём спорили сумочки?
464 0 ^12001
^aМаленькое Чёрное Платье
608 ^aЛИТЕРАТУРНАЯ СКАЗКА
^3BY-NLB-ar16440
^2BYGNR
608 ^aДЕТСКАЯ И ЮНОШЕСКАЯ ЛИТЕРАТУРА (художеств. произведение)
^3BY-NLB-ar9019
^2BYGNR
686 ^a84(2Рос)6-4
^2rubbk
690 ^a1
^2Base
^9BY-MI0000
^xRSEK
700 1 ^aВелена
^bЕ.
702 1 ^aКапралова
^bИ. А.
^gИрина Анатольевна
^cхудожница
^3BY-SEK-ar13729069
^4440
801 0 ^aBY
^bBY-HR0000
^c20231120
^gRCR
801 2 ^aBY
^bBY-MI0000
^c20260311
^gRCR
035 ^a(BY-MI0000)BY-HR0000-br87884502
899 0 ^aBY-MI0000
^iВ27
^h84(2Рос)6